Estadísticas para Países más poblados para el 2050

Haz click aquí para tomar la prueba!

Estadísticas generales

  • Esta prueba ha sido tomada 4.182 veces
    (4.068 desde el último reinicio)
  • La puntuación promedio es 16 de 21

Estadísticas de respuestas

PoblaciónPaís% Correcto
1,302 millónChina
100%
398 millónEstados Unidos
99%
1,657 millónIndia
99%
232 millónBrasil
94%
130 millónRusia
94%
151 millónMéxico
93%
107 millónJapón
91%
300 millónIndonesia
84%
391 millónNigeria
79%
291 millónPakistán
77%
138 millónEgipto
76%
145 millónR.D. Congo
71%
250 millónBangladés
70%
100 millónIrán
69%
90 millónTurquía
65%
155 millónFilipinas
62%
228 millónEtiopía
61%
111 millónVietnam
60%
76 millónIrak
49%
119 millónTanzania
44%
94 millónUganda
26%

Distribución de puntuación

Porcentaje por número respondido

Porcentaje de gente con cada puntuación

Historial de tus puntuaciones

No has tomado esta prueba desde el último reinicio